000 00395nam a2200133Ia 4500
008 150202s9999 xx 000 0 und d
020 _a99409208
050 _aFIC
_bFIC
100 _aTrueman, Fred.
245 _aMy most memorable matches with Donthe vampire slayer :
_bMosey /
_cFred Trueman.
260 _aLondon :
_bArrow Books,
_c1982.
300 _a140 pages :
_c18 cm.
650 _aFiction.
999 _c282427
_d282427